000 00442nam a2200193Ia 4500
008 210210b1951 xxu||||| |||| 00| 0 eng d
041 _aeng
082 _a825/936
100 _aWRENN
245 _aEnglish studies of today
260 _aLondon
_bOxford University Press
_c1951
650 _atoday
650 _astudies
650 _aof
650 _aEnglish
690 _aEnglish Criticism
700 _aBULLOUGH
906 _a015252
999 _c134575
_d134575